000 02219cam a22004454i 4500
003 PE-LiUPU
005 20250731165431.0
008 160219s2003 pe grm 000 0 spa d
035 _a(Sirsi) a156238
040 _aPE-LiUPU
_bspa
_cPE-LiUPU
_erda
099 _aTE 2
_bP66 2003
100 1 _aPlasencia Cuayla, Rosa
_eautor
245 1 _aAprendizajes útiles para la formación integral de los niños de Educación Primaria en las Escuelas Adventistas de Lima Metropolitana en el año 2003 /
_cRosa Plasencia Cuayla.
264 0 _c2003.
300 _a132 hojas
_c30 cm
336 _atext
_2rdacontent
337 _aunmediated
_2rdamedia
338 _avolume
_2rdacarrier
502 _aTesis
_b(Lic.) --
_cUniversidad Peruana Unión,
_d2003.
504 _aIncluye referencias
520 3 _aSe tiene tres tipos de escuelas en relación con los aprendizajes útiles que se practican. 1)Las escuelas "A", "B","C", "D", "G", "H", "I" constituyen el primer tipo. En primer lugar están los aprendizajes útiles que no se cultivan, hay una fuerte continuidad. En segundo lugar viene los que se cultivan poco y en tercer lugar están los aprendizajes útiles que son pocos lo que se llegan a practicar. 2)La escuela "F" constituye el segundo tipo. En primer lugar, están los aprendizajes útiles que no se llegan a practicar. En segundo lugar, están los aprendizajes útiles que se cultivan poco, aquí notamos casi un empate del primer y segundo lugar. 3)La escuela "J" constituye el tercer tipo. En primer lugar, están los aprendizajes útiles que se cultivan poco. En segundo lugar, vienen los que no se cultivan y en tercer lugar, están los aprendizajes útiles que se cultivan.
526 _aSEG44
526 _aSEG26
526 _aP151
526 _aP150
526 _aP149
526 _aP146
526 _aP145
526 _aP126
526 _aP125
526 _aP92
526 _aP75
526 _aP74
526 _aP27
526 _aP15
650 1 4 _aNiños
_xEducación.
596 _a1
942 _2ddc
_cTESIS
999 _aTE 2 P66 2003
_wALPHANUM
_c8921
_iT00182
_lCCODEBUL3
_mBUL
_r1
_sY
_tTESIS
_u2016-2-19
_xEDUCACION
_PP20
_o.STAFF. Tesis
_d8921
980 _81
_gALBERTO SANCHEZ Responsable de Automatización